• 首页
  • 本馆介绍
  • 公告通知
  • 最新文献
  • 馆藏检索
  • 电子资源
  • 读者导购
  • 参考咨询
  • 我的图书馆
  • 登录
  • 详细信息显示
  • 放入我的书架
  • 预约/预借图书
  • 作者相关作品
  • 分类相关作品
  • 丛书相关作品
  • 出版社相关作品

书目信息

  • 表格格式
  • 工作单格式
  • 卡片格式
题名:
社会生物主义
    
 
作者: 卡里姆斯基 著 ;徐若木 , 徐秀华 译
分册:  
出版信息: 北京   东方出版社  1987
页数: 299页
开本: 19cm
丛书名:
单 册:
中图分类: B036
科图分类:
主题词: 社会存在 , 社会意识 , 社会存在--关系--社会意识
电子资源:
ISBN:
000 00939nam0 2200289 45
001 0187000748
005 20050526100647.6
010    @dCNY1.90
091    @a2453.5
100    @a19901126d1987 emky0chiy0121 ea
101 1  @achi@crus
102    @aCN@b110000
105    @ay z 000yy
200 10 @a社会生物主义@Ashe hui sheng wu zhu yi@e它的本质和意识形态方向@ETa De Ben Zhi He Yi Shi Xing Tai Fang Xiang@f(苏)阿·穆·卡里姆斯基著@F(Su)A·Mu·Ka Li Mu Si Ji Zhu@g徐若木,徐秀华译
210    @a北京@c东方出版社@d1987
215    @a299页@d19cm
517    @a它的本质和意识形态方向@ATa De Ben Zhi He Yi Shi Xing Tai Fang Xiang
606 0  @a社会存在
606 0  @a社会意识
606 0  @a社会存在@x关系@x社会意识
690    @aB036
701  0 @a卡里姆斯基@4著
702  0 @a徐若木@Axu ruo mu@4译
702  0 @a徐秀华@Axu xiu hua@4译
801  0 @aCN@b深圳图书馆@c20040508
801  2 @aCN@bNLC@c20040508
905    @dB036@e22@f1@b216753
    
    社会生物主义:它的本质和意识形态方向/(苏)阿·穆·卡里姆斯基著/徐若木,徐秀华译.-北京:东方出版社,1987
    299页;19cm
    
    
    ISBN :CNY1.90
    
●
相关链接 在E读中查询图书 在五车中查询图书 在当当中查询图书 在豆瓣中查询图书


正题名:社会生物主义     索取号:B036/22         预约/预借

序号 登录号 条形码 馆藏地/架位号 状态 备注
1 0216751   001114403   第一借阅区/ [索取号:B036/22] 在馆    
2 0216752   001114396   密集书库/ [索取号:B036/22] 在馆    
3 0216753   001128988   第一样本阅览室/ [索取号:B036/22] 在馆    
唐山师范学院图书馆 欢迎您!
大连网信软件有限公司© 版权所有